Most Valuable Footballers 2025 - Statistics

General Stats
  • This quiz has been taken 613 times
  • The average score is 65 of 86
Answer Stats
# Club Value Player % Correct
3. Manchester City €180.00m Erling Haaland
99%
2. Real Madrid €180.00m Jude Bellingham
99%
4. Real Madrid €180.00m Kylian Mbappé
99%
1. Barcelona €200.00m Lamine Yamal
99%
5. Real Madrid €170.00m Vinicius Junior
98%
8. Liverpool €140.00m Florian Wirtz
96%
13. Newcastle United €120.00m Alexander Isak
95%
6. Arsenal €150.00m Bukayo Saka
95%
11. Chelsea €120.00m Cole Palmer
94%
10. Real Madrid €130.00m Federico Valverde
94%
7. Barcelona €140.00m Pedri
94%
12. Arsenal €120.00m Declan Rice
93%
46. Bayern Munich €75.00m Harry Kane
93%
19. Inter €95.00m Lautaro Martinez
93%
26. Arsenal €85.00m Martin Ødegaard
92%
33. Paris Saint-Germain €80.00m Achraf Hakimi
91%
17. Liverpool €100.00m Alexis Mac Allister
91%
9. Bayern Munich €140.00m Jamal Musiala
91%
15. Atlético Madrid €100.00m Julian Alvarez
91%
24. Barcelona €90.00m Raphinha
91%
14. Manchester City €110.00m Rodri
91%
23. Real Madrid €90.00m Rodrygo
91%
25. Paris Saint-Germain €90.00m Ousmane Dembélé
90%
22. Paris Saint-Germain €90.00m Khvicha Kvaratskhelia
89%
52. Bayern Munich €70.00m Luis Diaz
89%
16. Bayern Munich €100.00m Michael Olise
89%
18. Manchester City €100.00m Phil Foden
89%
31. Paris Saint-Germain €80.00m Vitinha
88%
32. Liverpool €80.00m Dominik Szoboszlai
87%
21. Chelsea €90.00m Moisés Caicedo
87%
60. Manchester City €65.00m Ruben Dias
87%
30. Arsenal €80.00m William Saliba
87%
37. Chelsea €75.00m Enzo Fernández
86%
54. Galatasaray €70.00m Victor Osimhen
86%
40. Arsenal €75.00m Gabriel Magalhães
85%
47. Athletic Club €70.00m Nico Williams
85%
42. Arsenal €75.00m Viktor Gyökeres
85%
20. Paris Saint-Germain €90.00m Désiré Doué
84%
38. Manchester City €75.00m Josko Gvardiol
84%
44. Real Madrid €75.00m Trent Alexander-Arnold
84%
41. Real Madrid €75.00m Aurélien Tchouaméni
83%
50. Paris Saint-Germain €70.00m Nuno Mendes
82%
39. Manchester City €75.00m Omar Marmoush
82%
29. Newcastle United €80.00m Bruno Guimarães
81%
63. Barcelona €60.00m Gavi
81%
55. Milan €70.00m Rafael Leão
81%
53. Liverpool €70.00m Cody Gakpo
80%
34. Inter €80.00m Alessandro Bastoni
79%
64. Real Madrid €60.00m Eduardo Camavinga
79%
28. Paris Saint-Germain €80.00m João Neves
79%
27. Barcelona €80.00m Pau Cubarsí
79%
45. Inter €75.00m Nicolò Barella
78%
70. Atalanta €60.00m Ademola Lookman
76%
49. Manchester United €70.00m Benjamin Sesko
76%
43. Inter €75.00m Marcus Thuram
76%
48. Paris Saint-Germain €70.00m Bradley Barcola
75%
35. Liverpool €75.00m Hugo Ekitiké
75%
59. Arsenal €65.00m Kai Havertz
75%
36. Liverpool €75.00m Ryan Gravenberch
75%
58. Barcelona €65.00m Jules Koundé
74%
51. RB Leipzig €70.00m Xavi Simons
74%
72. Liverpool €60.00m Ibrahima Konaté
73%
71. Newcastle United €60.00m Sandro Tonali
72%
57. Newcastle United €65.00m Anthony Gordon
70%
56. Paris Saint-Germain €65.00m Willian Pacho
70%
80. Arsenal €55.00m Gabriel Martinelli
69%
84. Crystal Palace €55.00m Eberechi Eze
68%
61. Chelsea €60.00m Estêvão
67%
69. Arsenal €60.00m Martín Zubimendi
62%
67. Manchester United €60.00m Matheus Cunha
61%
68. Manchester City €60.00m Tijjani Reijnders
61%
65. Barcelona €60.00m Alejandro Balde
57%
85. Arsenal €55.00m Jurrien Timber
57%
75. Manchester United €55.00m Leny Yoro
57%
73. Barcelona €60.00m Dani Olmo
52%
62. Real Madrid €60.00m Dean Huijsen
49%
77. Paris Saint-Germain €55.00m Warren Zaïre-Emery
42%
74. Nottingham Forest €55.00m Murillo
41%
83. Aston Villa €55.00m Morgan Rogers
40%
86. Manchester United €55.00m Bryan Mbeumo
33%
78. Bayern Munich €55.00m Aleksandar Pavlovic
32%
76. Arsenal €55.00m Ethan Nwaneri
29%
66. Athletic Club €60.00m Oihan Sancet
28%
81. Chelsea €55.00m Levi Colwill
26%
79. Atlético Madrid €55.00m Pablo Barrios
25%
82. Atlético Madrid €55.00m Alex Baena
18%
No matching quizzes found
Score Distribution
Percent of People with Each Score
Percentile by Number Answered
Your Score History
You have not taken this quiz